[Event "GER-chT Christmas U16 Lasker"]
[Site "Playchess.com INT"]
[Date "2020.12.28"]
[Round "2.4"]
[White "Mueller, Riyanna"]
[Black "Parladi, Berk"]
[Result "1-0"]
[WhiteElo "1364"]
[BlackElo "1113"]
[PlyCount "27"]
[EventDate "2020.12.28"]
[EventType "team-swiss (blitz)"]
[EventRounds "7"]
[EventCountry "GER"]
[SourceTitle "CBM 200 Extra"]
[Source "ChessBase"]
[SourceDate "2021.03.31"]
[SourceVersion "1"]
[SourceVersionDate "2021.03.31"]
[SourceQuality "1"]
[WhiteTeam "Landskrone"]
[BlackTeam "Koeln Porz II"]
[WhiteTeamCountry "GER"]
[BlackTeamCountry "GER"]

1. e4 e5 2. Nf3 Nc6 3. Bc4 Bc5 4. Nc3 Nf6 5. d3 0-0 6. Bg5 d6 7. Nd5 h6 8. Nxf6+ gxf6 9. Bxh6 Re8 10. Nh4 Nd4 11. c3 Nc6 12. Qh5 Re7 13. Qg6+ Kh8 14. Qg7# 1-0